Some aditional knowledge conditions for sociology /

Spremljeno u:
Bibliografski detalji
Glavni autor: Freemantle, Harry
Daljnji autori: Wickham, Gary
Format: Tekst
Oznake: Dodaj oznaku
Bez oznaka, Budi prvi tko označuje ovaj zapis!

MARC

LEADER 00000 a a2200000 04500
001 4786
003
040
100 |a Freemantle, Harry  
245 |a Some aditional knowledge conditions for sociology /  |c Harry Freemantle 
700 |a Wickham, Gary  
773 |g volumen 56, número 6; páginas 884-903  
999 |c 24668  |d 24668